00660cam a22002051 4500001001300000003000400013005001700017008004100034010001700075035002000092040001800112042001200130050001600142100001900158245015100177260003900328300005600367650001400423999001700437ca 17003497 DLC20260227111106.0911030s1878 nyua 000 0 eng  aca 17003497  a(OCoLC)24646569 aDLCcRPBdDLC apremarc00aPE1145b.B41 aBeecher, A. G.14aThe primary normal speller;bor, First lessons in the art of writing words. Designed to teach spelling by an improved method.cby A.G. Beecher ... aNew York,bClark & Maynard,c1878. aviii, [2], [11]-123 p. incl. front., illus.c18 cm. 0aSpellers. c15306d15306